Copperbelt and Road Initiative?
Smerovanie čínskych investícií do Afriky. PZI v tradičnom modeli globalizovanej svetovej ekonomiky a vo svetle Iniciatívy Novej Hodvábnej cesty ako novej paradigmy globalizácie. Tradičný model verzus nová paradigma globalizácie. Iniciatíva Novej Hodvábnej cesty (BRI). PZI ako toková veličina. PZI ak...
Saved in:
| Main Author: | |
|---|---|
| Other Authors: | |
| Format: | Book Chapter |
| Language: | Slovak English |
| Subjects: | |
| Tags: |
No Tags, Be the first to tag this record!
|
MARC
| LEADER | 00000naa$a2200000$$$4500 | ||
|---|---|---|---|
| 001 | 0290068 | ||
| 005 | 20240502074442.0 | ||
| 041 | 0 | |a slo | |
| 041 | 0 | |a eng | |
| 044 | |a SK | ||
| 245 | 1 | 0 | |a Copperbelt and Road Initiative? |c Jozef Čerňák, Denisa Čiderová |
| 520 | |a Smerovanie čínskych investícií do Afriky. PZI v tradičnom modeli globalizovanej svetovej ekonomiky a vo svetle Iniciatívy Novej Hodvábnej cesty ako novej paradigmy globalizácie. Tradičný model verzus nová paradigma globalizácie. Iniciatíva Novej Hodvábnej cesty (BRI). PZI ako toková veličina. PZI ako stavová veličina. Vývoj PZI od obdobia globálnej finančnej krízy po obdobie COVID-19. Čína a jej OFDI od obdobia globálnej finančnej krízy po obdobie COVID-19. Participácia Číny na projektoch v oblasti výstavby v krajinách SADC a na investičných projektoch v krajinách SADC. | ||
| 610 | 2 | 0 | |a investície priame zahraničné |
| 610 | 2 | 0 | |a regióny |
| 610 | 2 | 0 | |a projekty |
| 610 | 2 | 0 | |a globalizácia |
| 610 | 2 | 0 | |a modely |
| 610 | 2 | 0 | |a podnikanie |
| 610 | 2 | 0 | |a Afrika |
| 610 | 2 | 0 | |a Čína |
| 100 | 1 | |a Čerňák, Jozef, 1963- | |
| 700 | 1 | |a Čiderová, Denisa, 1977- | |